| 000 | 00411 a2200145 4500 | ||
|---|---|---|---|
| 001 | 82526 | ||
| 082 | _a425 HAC | ||
| 090 |
_c39964 _d39964 |
||
| 100 | _aDiana Hacker ; Nancy Sommers ; Tom Jehn ; Jane Rosenzweig | ||
| 245 |
_aA writer's reference, 6/e _bincludes 2009 MLA & 2010 APA updates |
||
| 250 | _a6 | ||
| 260 |
_aNY _bBedford/St Martins _c2009 |
||
| 300 | _axxxv, 547 p. | ||
| 500 | _aBE textbook H & S | ||
| 942 |
_aNUST CAE _k425 HAC |
||
| 999 |
_c317599 _d317599 |
||